Normal view
MARC view
- Nagrath I.J .
Entry Personal Name
001 - CONTROL NUMBER
- control field: 1329
003 - CONTROL NUMBER IDENTIFIER
- control field: OSt
005 - DATE AND TIME OF LATEST TRANSACTION
- control field: 20160827114254.0
008 - FIXED-LENGTH DATA ELEMENTS
- fixed length control field: 160827|| aca||aabn | a|a d
040 ## - CATALOGING SOURCE
- Original cataloging agency: OSt
- Transcribing agency: OSt
100 ## - HEADING--PERSONAL NAME
- Personal name: Nagrath I.J .
670 ## - SOURCE DATA FOUND
- Source citation: Work cat.: (OSt)1478: Kothari D.P . 359, Electric Machines / , 2014
